European flags by colours - Statistics

General Stats
  • This quiz has been taken 37 times
    26 since last reset
  • The average score is 11 of 22
Answer Stats
Hint Answer % Correct
Blue, red and white Czech republic | France | Iceland | Luxembourg | Netherlands | Norway | Russia | United Kingdom
100%
Latvian red and white Latvia
85%
Blue and yellow Sweden | Ukraine
75%
Green, orange and white Ireland
65%
Gold, red and a coat of arms Montenegro | Spain
55%
Green, red and a coat of arms Portugal
55%
Yellow, white and a coat of arms Vatican
55%
Red and white Austria | Denmark | Monaco | Poland | Switzerland
50%
Green, red and white Belarus | Bulgaria | Hungary | Italy
50%
Black, gold and red Belgium | Germany
50%
Blue, red, white and a coat of arms Croatia | Serbia | Slovakia | Slovenia
45%
Blue and white Finland | Greece
45%
Blue, white and a coat of arms San Marino
45%
Black and red Albania
40%
Blue, red, yellow and a coat of arms Andorra | Moldova
40%
Black, blue and white Estonia
40%
Blue, red and yellow Romania
40%
Green, red and yellow Lithuania
35%
Red, white and a coat of arms Malta
30%
Red and yellow North Macedonia
25%
Blue, red and gold Liechtenstein
20%
Blue, white and yellow Bosnia and Herzegovina
15%
No matching quizzes found
Score Distribution
Percent of People with Each Score
Percentile by Number Answered
Your Score History
You have not taken this quiz since the last reset